Improving working conditions and productivity in the garment industry : (Record no. 18494)

000 -LEADER
fixed length control field 00582cam a2200193Ia 4500
020 ## - INTERNATIONAL STANDARD BOOK NUMBER
ISBN 922110849X
040 ## - CATALOGING SOURCE
Transcribing agency IL#
082 ## - DEWEY DECIMAL CLASSIFICATION NUMBER
Classification number 687 INT 1998 C146 Or.
245 00 - TITLE STATEMENT
Title Improving working conditions and productivity in the garment industry :
Remainder of title an action manual /
260 ## - PUBLICATION, DISTRIBUTION, ETC. (IMPRINT)
Place of publication Geneva :
Name of publisher International Labour Office,
Year of publication 1998
300 ## - PHYSICAL DESCRIPTION
Number of Pages x, 165 p. :
Other physical details ill. ;
Dimensions 30 cm
650 #0 - SUBJECT ADDED ENTRY--TOPICAL TERM
Topical Term Clothing factories
650 #0 - SUBJECT ADDED ENTRY--TOPICAL TERM
Topical Term Clothing trade
650 #0 - SUBJECT ADDED ENTRY--TOPICAL TERM
Topical Term Work environment
650 #0 - SUBJECT ADDED ENTRY--TOPICAL TERM
Topical Term Clothing trade
700 1# - ADDED ENTRY--PERSONAL NAME
Personal name Hiba, Juan Carlos
710 2# - ADDED ENTRY--CORPORATE NAME
Corporate name or jurisdiction name as entry element International Labour Office
942 ## - ADDED ENTRY ELEMENTS (KOHA)
Koha item type ADB
952 ## - LOCATION AND ITEM INFORMATION (KOHA)
Withdrawn status [LOCAL, KOHA] 0
Holdings
Source of acquisition Permanent Location Date acquired Koha item type Lost status Shelving location Current Location Full call number
a36351Library Block C2019-12-11សៀវភៅភាសាអង់គ្លេស C146Library Block C687 INT 1998 C146 Or.
មជ្ឈមណ្ឌលឯការនៃសាកលវិទ្យាល័យភូមិន្ទកសិកម្មចំការដូង

Powered by Koha